Swiss annuities and life insurance : secure returns, asset protection, and privacy /
| Other Authors: | , |
|---|---|
| Format: | Book |
| Language: | English |
| Published: |
Hoboken, N.J. :
John Wiley & Sons,
c2008.
|
| Series: | Wiley finance series.
|
| Subjects: | |
| Online Access: | Cover Table of contents Kostenfrei Contributor biographical information Publisher description |
| Classic Catalogue: | View this record in Classic Catalogue |
| LEADER | 02086nam a2200433 a 4500 | ||
|---|---|---|---|
| 001 | 29531 | ||
| 003 | BD-DhAAL | ||
| 005 | 20150810102023.0 | ||
| 008 | 150810s2008 njua b 001 0 eng | ||
| 010 | |a 2007043563 | ||
| 020 | |a 9780470118115 (cloth) | ||
| 020 | |a 0470118113 (cloth) | ||
| 035 | |a (OCoLC)ocn176861496 | ||
| 040 | |a DLC |b eng |c DLC |d BAKER |d YDXCP |d BTCTA |d UKM |d C#P |d OCLCA |d SZ9XM |d DEBSZ |d OCLCQ |d DLC |d BD-DhAAL | ||
| 050 | 0 | 0 | |a HG9148 |b .S95 2008 |
| 082 | 0 | 0 | |a 368.32009494 |2 22 |
| 245 | 0 | 0 | |a Swiss annuities and life insurance : |b secure returns, asset protection, and privacy / |c Marco Gantenbein, Mario A. Mata [editors]. |
| 260 | |a Hoboken, N.J. : |b John Wiley & Sons, |c c2008. | ||
| 300 | |a xx, 332 p. : |b ill. ; |c 24 cm. | ||
| 490 | 1 | |a [Wiley finance] | |
| 500 | |a Series from jacket. | ||
| 504 | |a Includes bibliographical references (p. 317-318) and index. | ||
| 541 | |e 29531 | ||
| 650 | 0 | |a Life insurance |z Switzerland. |9 13594 | |
| 650 | 0 | |a Annuities |z Switzerland. |9 13595 | |
| 650 | 0 | |a Investments, Foreign |z Switzerland. |9 13596 | |
| 650 | 0 | |a Investments, American |z Switzerland. |9 13597 | |
| 650 | 0 | |a Commercial law |z Switzerland. |9 13598 | |
| 700 | 1 | |a Gantenbein, Marco, |d 1975- |9 13599 | |
| 700 | 1 | |a Mata, Mario A., |d 1954- |9 13600 | |
| 830 | 0 | |a Wiley finance series. |9 13601 | |
| 856 | 4 | |q image/jpeg |u http://swbplus.bsz-bw.de/bsz279705727cov.htm |v 20090317174202 |3 Cover | |
| 856 | 4 | 1 | |3 Table of contents |u http://catdir.loc.gov/catdir/enhancements/fy0805/2007043563-t.html |
| 856 | 4 | 1 | |u http://www.gbv.de/dms/zbw/548333815.pdf |z Kostenfrei |3 Inhaltsverzeichnis |
| 856 | 4 | 2 | |3 Contributor biographical information |u http://catdir.loc.gov/catdir/enhancements/fy0810/2007043563-b.html |
| 856 | 4 | 2 | |3 Publisher description |u http://catdir.loc.gov/catdir/enhancements/fy0805/2007043563-d.html |
| 942 | |2 ddc |c BK | ||
| 999 | |c 35183 |d 35183 | ||
| 952 | |0 0 |1 0 |2 ddc |4 0 |6 368_320094940000000_SWI |7 0 |9 55157 |a BRACUL |b BRACUL |c GEN |d 2015-08-10 |e BRAC Institute of Language (BIL) |l 0 |o 368.32009494 SWI |p 3010029531 |r 2015-08-10 |t 1 |w 2015-08-10 |y BK |x Transferred from BIL to BRACUL on 06/06/22 | ||